[Event "Baku CC op 1st"]
[Site "Baku"]
[Date "2018.10.20"]
[Round "1"]
[White "Azadaliyev, Jahandar"]
[Black "Garashli, Garash"]
[Result "1-0"]
[WhiteElo "1740"]
[BlackElo "1176"]
[PlyCount "29"]
[EventDate "2018.10.20"]
[EventType "swiss"]
[EventRounds "9"]
[EventCountry "AZE"]
[SourceTitle "CBM 187 Extra"]
[Source "ChessBase"]
[SourceDate "2018.11.04"]
[SourceVersion "1"]
[SourceVersionDate "2018.11.04"]
[SourceQuality "1"]

1. d4 d5 2. c4 e6 3. Nc3 Nf6 4. cxd5 Nxd5 5. e4 Nxc3 6. bxc3 b6 7. Nf3 Bb7 8. Bd3 Nd7 9. 0-0 Be7 10. Qe2 h6 11. Bc2 a5 12. Bd3 Nf8 13. Ne5 Nd7 14. Bb5 Bc8 15. Nc6 1-0